000 00267nam a22001217a 4500
008 180829b xxu||||| |||| 00| 0 eng d
041 _aeng
080 _a510
100 _a36
101 _aMAT
245 _aLinear and Matrix Algebra
_cVinograde, B
942 _2udc
_cBK
999 _c47395
_d47395